Richest Countries by Per-Capita GDP (Nominal) - Statistics

General Stats
  • This quiz has been taken 23 times
  • The average score is 18 of 21
Answer Stats
Income Country % Correct
$94,400 United States
100%
$60,300 Canada
95%
$65,300 Germany
95%
$79,900 Netherlands
95%
$106,000 Norway
95%
$70,700 Sweden
95%
$126,000 Switzerland
95%
$61,100 United Kingdom
95%
$65,100 Belgium
90%
$227,000 Liechtenstein
90%
$159,000 Luxembourg
90%
$288,000 Monaco
90%
$83,400 Denmark
86%
$110,000 Iceland
86%
$140,000 Ireland
86%
$68,100 Qatar
86%
$108,000 Singapore
86%
$75,600 Australia
81%
$67,800 Austria
71%
$70,200 San Marino
71%
$69,800 Israel
52%
No matching quizzes found
Score Distribution
Percent of People with Each Score
Percentile by Number Answered
Your Score History
You have not taken this quiz